Sosyal yardım (Record no. 1018)

MARC details
000 -BAŞLIK
Sabit Uzunlukta Kontrol Alanı 00684na a2200229 4500
001 - KONTROL NUMARASI
Denetim Alanı 16076
003 - KONTROL NUMARASI IDENTIFIER
Denetim Alanı MIRAKIL
005 - SON İŞLEM TARİHİ VE ZAMANI
Denetim Alanı 20181213154809.0
008 - SABİT-BOY VERİ ELEMANLARI - GENEL BİLGİLER
Sabit Uzunlukta Kontrol Alanı 160929b tu 000 0
035 ## - SİSTEM KONTROL NUMARASI
Sistem Kontrol Numarası 16076
040 ## - KATALOGLAMA KAYNAK
Orijinal Kataloglama Ajansı Milas
Kataloglama Dili tur
Metne Dönüştürmek Ajansı TR-AnCHP
082 ## - DEWEY ONLU SINIFLANDIRMA NUMARASI
Sınıflandırma Numarası CHP 361
Ürün Numarası D86s 1939
090 ## - SINIFLAMA NUMARASI
Sınıflama Numarası CHP 361 D86s 1939
100 ## - ANA GİRİŞ - KİŞİSEL İSİM
Kişisel Ad Duru, Muhittin Celal
Bir Adıyla İlişkilendirilen Tarihler 1887-1966
245 ## - BAŞLIK TABLOSU
Başlık Sosyal yardım
Başlığın Kalan Prensipleri ve tatbikleri
Sorumluluk Tablosu, Vb M. Celal Duru
260 ## - YAYIN, DAĞITIM, VB
Yayın, Dağıtım, Vb Yeri İstanbul
Yayıncı, Dağıtıcı, Vs Adı [yay.y.]
Yayın, Dağıtım, Vb Tarihi 1939
Üretici Firma Matbaai Ebüzziya
300 ## - FİZİKSEL TANIM
Kapsam 270 s.
Diğer Fiziksel Ayrıntıları tbl.
Boyutlar 23 sm.
490 ## - SERİSİ TABLOSU
Seri Beyanı Kılavuz Kitaplar
Hacim / Ardışık Tanımı 3
610 ## - KONU KATMA GİRİŞ - TOPLANTI ADI
Giriş Elemanı Olarak Kurumsal Ad Veya Yargı Alanı Adı CHP
Genel Alt Bölüm Elkitapları
-- Sosyal Yardım
610 ## - KONU KATMA GİRİŞ - TOPLANTI ADI
Giriş Elemanı Olarak Kurumsal Ad Veya Yargı Alanı Adı CHP
Genel Alt Bölüm Sosyal hizmetler
-- Elkitapları
942 ## - EKLENDİ GİRİŞ ELEMANLARI (KOHA)
Sınıflandırma Veya Raf Düzeni Kaynak Dewey Decimal Classification
Koha Öğesi Türü Books
999 ## - SİSTEM KONTROL NUMARALARI (KOHA)
Koha Biblionumber 1018
Koha Biblioitemnumber 1018
Holdings
Kalıcı Konum Mevcut Konum Edinme Tarihi Edinim Kaynak Toplam Check-Out'Lar Tam Çağrı Numarası Barkod Tarih Son Görülme İtibaren Geçerli Fiyatlar Koha Öğesi Türü
CHP Kütüphanesi CHP Kütüphanesi 09/29/2016 Bağış   CHP 361 D86s 1939 004663 09/29/2016 09/29/2016 Books